LEADER 00889nam a22002651i 4500 001 991003561889707536 005 20030905130031.0 008 031111s1978 uik|||||||||||||||||eng 020 $a0713161477 035 $ab12443554-39ule_inst 035 $aARCHE-047684$9ExL 040 $aDip.to Lingue$bita$cA.t.i. Arché s.c.r.l. Pandora Sicilia s.r.l. 082 04$a829.3 100 1 $aShippey, T. A.$0163660 245 10$aBeowulf /$cby T. A. Shippey 260 $aLondon :$bE. Arnold,$c1978 300 $a64 p. ;$c19 cm 440 0$aStudies in English Literature ;$v70 650 4$aBeowulf 907 $a.b12443554$b02-04-14$c13-11-03 912 $a991003561889707536 945 $aLE012 F.G. 1016$g1$i2012000065901$lle012$o-$pE0.00$q-$rl$s- $t0$u1$v1$w1$x0$y.i12869934$z13-11-03 996 $aBeowulf$9179730 997 $aUNISALENTO 998 $ale012$b13-11-03$cm$da $e-$feng$guik$h0$i1 LEADER 02446nam 2200589 450 001 9910784554003321 005 20230207224235.0 010 $a1-4237-6505-2 010 $a0-19-535779-5 010 $a1-60256-001-3 035 $a(CKB)1000000000363306 035 $a(StDuBDS)AH24084091 035 $a(SSID)ssj0000107781 035 $a(PQKBManifestationID)11119898 035 $a(PQKBTitleCode)TC0000107781 035 $a(PQKBWorkID)10017594 035 $a(PQKB)10593430 035 $a(MiAaPQ)EBC4700876 035 $a(Au-PeEL)EBL4700876 035 $a(CaPaEBR)ebr11272993 035 $a(OCoLC)960165425 035 $a(EXLCZ)991000000000363306 100 $a20161011h19911991 uy 0 101 0 $aeng 135 $aur||||||||||| 181 $ctxt 182 $cc 183 $acr 200 10$aAuthority without power $elaw and the Japanese paradox /$fJohn Owen Haley 210 1$aNew York, New York ;$aOxford, [England] :$cOxford University Press,$d1991. 210 4$d©1991 215 $a1 online resource (268 p. ) $cline figures and tables throughout 225 1 $aStudies on Law and Social Control 300 $aBibliographic Level Mode of Issuance: Monograph 311 $a0-19-509257-0 320 $aIncludes bibliographical references and index. 330 $aThis title argues that the weakness of legal controls throughout Japanese history has assured the development and strength of informal community controls based on custom and consensus to maintain order - an order characterized by remarkable stability with an equally significant degree of autonomy for individuals, communities, and businesses. 330 $bIn this book, Haley argues that the weakness of legal controls throughout Japanese history has assured the development and strength of informal community controls based on custom and consensus to maintain order - an order characterized by remarkable stability with an equally significant degree of autonomy for individuals, communities, and businesses. 410 0$aStudies on law and social control. 606 $aLaw$zJapan$xHistory 606 $aSocial control 615 0$aLaw$xHistory. 615 0$aSocial control. 676 $a349.52 700 $aHaley$b John Owen$0623677 801 0$bMiAaPQ 801 1$bMiAaPQ 801 2$bMiAaPQ 906 $aBOOK 912 $a9910784554003321 996 $aAuthority without power$91098587 997 $aUNINA